Principles and applications of optical communications. / (Record no. 1733)
[ view plain ]
| 000 -LEADER | |
|---|---|
| fixed length control field | 01760cam a2200277 a 4500 |
| 001 - CONTROL NUMBER | |
| control field | 3979468 |
| 005 - DATE AND TIME OF LATEST TRANSACTION | |
| control field | 20210414114049.0 |
| 008 - FIXED-LENGTH DATA ELEMENTS--GENERAL INFORMATION | |
| fixed length control field | 950816s1996 ilua b 001 0 eng |
| 010 ## - LIBRARY OF CONGRESS CONTROL NUMBER | |
| LC control number | 95025240 |
| 020 ## - INTERNATIONAL STANDARD BOOK NUMBER | |
| International Standard Book Number | 0256164150 |
| 040 ## - CATALOGING SOURCE | |
| Original cataloging agency | DLC |
| Transcribing agency | DLC |
| Modifying agency | DLC |
| 050 00 - LIBRARY OF CONGRESS CALL NUMBER | |
| Classification number | TK5103.59.M57 |
| 082 00 - DEWEY DECIMAL CLASSIFICATION NUMBER | |
| Classification number | 621.382/7 |
| Edition number | 20 |
| 100 2# - MAIN ENTRY--PERSONAL NAME | |
| Personal name | Ming-Kang Liu, Max. |
| 245 10 - TITLE STATEMENT | |
| Title | Principles and applications of optical communications. / |
| Statement of responsibility, etc. | Max Ming-Kang Liu. |
| 260 ## - PUBLICATION, DISTRIBUTION, ETC. | |
| Place of publication, distribution, etc. | Chicago : |
| Name of publisher, distributor, etc. | Irwin, |
| Date of publication, distribution, etc. | c1996. |
| 300 ## - PHYSICAL DESCRIPTION | |
| Extent | xix, 1004 p. : |
| Other physical details | ill. ; |
| Dimensions | 24 cm. |
| 504 ## - BIBLIOGRAPHY, ETC. NOTE | |
| Bibliography, etc. note | Includes bibliographical references and index. |
| 505 ## - FORMATTED CONTENTS NOTE | |
| Formatted contents note | Contents: Introduction -- From point-to-point to networking -- Light sources -- Optical fibers -- Light detection -- Noise in optical communications -- Incoherent detection -- Networking -- Time-domain medium access -- Wavelength-domain medium access -- Subcarrier multiplexing -- Photonic switching -- Signal processing: Direct modulation -- Distributed-feedback laser diodes and modulation -- External modulation -- Coherent detection -- Timing recovery and line coding -- Optical amplification -- Optical fibre solition transmission -- Appendix A: Important physical and mathematical constants -- B: International system of units -- C: Important physical constants of compounds -- D: Important variable definitions -- E: Useful mathematical formulas. |
| 650 #0 - SUBJECT ADDED ENTRY--TOPICAL TERM | |
| Topical term or geographic name entry element | Optical communications. |
| 856 42 - ELECTRONIC LOCATION AND ACCESS | |
| Materials specified | Publisher description |
| Uniform Resource Identifier | <a href="http://www.loc.gov/catdir/description/mh022/95025240.html">http://www.loc.gov/catdir/description/mh022/95025240.html</a> |
| 856 41 - ELECTRONIC LOCATION AND ACCESS | |
| Materials specified | Table of contents |
| Uniform Resource Identifier | <a href="http://www.loc.gov/catdir/toc/mh022/95025240.html">http://www.loc.gov/catdir/toc/mh022/95025240.html</a> |
| 906 ## - LOCAL DATA ELEMENT F, LDF (RLIN) | |
| a | 7 |
| b | cbc |
| c | orignew |
| d | 1 |
| e | ocip |
| f | 19 |
| g | y-gencatlg |
| 942 ## - ADDED ENTRY ELEMENTS (KOHA) | |
| Source of classification or shelving scheme | Library of Congress Classification |
| Koha item type | Books |
| Withdrawn status | Lost status | Source of classification or shelving scheme | Damaged status | Not for loan | Home library | Current library | Shelving location | Date acquired | Total Checkouts | Full call number | Barcode | Date last seen | Copy number | Price effective from | Koha item type |
|---|---|---|---|---|---|---|---|---|---|---|---|---|---|---|---|
| Library of Congress Classification | WISCONSIN INTERNATIONAL UNIVERSITY COLLEGE, GHANA - MAIN LIBRARY | WISCONSIN INTERNATIONAL UNIVERSITY COLLEGE, GHANA - MAIN LIBRARY | General Stacks | 18/07/2012 | TK5103.59.M57 | 5464/12 | 18/07/2012 | 1 | 18/07/2012 | Books | |||||
| Library of Congress Classification | WISCONSIN INTERNATIONAL UNIVERSITY COLLEGE, GHANA - MAIN LIBRARY | WISCONSIN INTERNATIONAL UNIVERSITY COLLEGE, GHANA - MAIN LIBRARY | General Stacks | 18/07/2012 | TK5103.59.M571 | 5465/12 | 18/07/2012 | 2 | 18/07/2012 | Books | |||||
| Library of Congress Classification | WISCONSIN INTERNATIONAL UNIVERSITY COLLEGE, GHANA - MAIN LIBRARY | WISCONSIN INTERNATIONAL UNIVERSITY COLLEGE, GHANA - MAIN LIBRARY | General Stacks | 18/07/2012 | TK5103.59.M572 | 5466/12 | 18/07/2012 | 3 | 18/07/2012 | Books | |||||
| Library of Congress Classification | WISCONSIN INTERNATIONAL UNIVERSITY COLLEGE, GHANA - MAIN LIBRARY | WISCONSIN INTERNATIONAL UNIVERSITY COLLEGE, GHANA - MAIN LIBRARY | General Stacks | 18/07/2012 | TK5103.59.M573 | 5467/12 | 18/07/2012 | 4 | 18/07/2012 | Books | |||||
| Library of Congress Classification | WISCONSIN INTERNATIONAL UNIVERSITY COLLEGE, GHANA - MAIN LIBRARY | WISCONSIN INTERNATIONAL UNIVERSITY COLLEGE, GHANA - MAIN LIBRARY | General Stacks | 18/07/2012 | TK5103.59.M574 | 5468/12 | 18/07/2012 | 5 | 18/07/2012 | Books |
